• 首页
  • 本馆介绍
  • 公告通知
  • 最新文献
  • 馆藏检索
  • 电子资源
  • 读者导购
  • 参考咨询
  • 我的图书馆
  • 登录
  • 详细信息显示
  • 放入我的书架
  • 预约/预借图书
  • 作者相关作品
  • 分类相关作品
  • 丛书相关作品
  • 出版社相关作品

书目信息

  • 表格格式
  • 工作单格式
  • 卡片格式
题名:
汉学研究之回顾与前瞻
    
 
作者: 林徐典 编
分册: 上册   文学、语言卷
出版信息: 北京   中华书局  1995.9
页数: 511页
开本: 26cm
丛书名:
单 册:
中图分类: C53
科图分类:
主题词: 社会科学--文集 , 社会科学--会议录
电子资源:
ISBN: 7-101-01253-1
000 00725nam0 2200229 45
001 0003071095
005 20050329105411.4
010    @a7-101-01253-1@b精装@dCNY49.00
100    @a20000307d1995 km y0chiy0120 ea
101    @achi
105    @a z 000yy
200 1  @a汉学研究之回顾与前瞻@AHan Xue Yan Jiu Zhi Hui Gu Yu Qian Zhan@h上册@i文学、语言卷@f林徐典编@FLin Xu Dian Bian
210    @a北京@c中华书局@d1995.9
215    @a511页@c彩照@d26cm
300    @a新加坡国立大学中文系主办国际汉学会议论文选集
517    @a文学、语言卷@AWen Xue、Yu Yan Juan
606 0  @a社会科学@x文集
606 0  @a社会科学@x会议录
690    @aC53@v1
701  0 @a林徐典@4编
801    @aCN@bTSTC@c20000309
905    @dC53@e100:1@f1@b285643
    
    汉学研究之回顾与前瞻.上册.文学、语言卷/林徐典编.-北京:中华书局,1995.9
    511页:彩照;26cm
    新加坡国立大学中文系主办国际汉学会议论文选集
    
    ISBN 7-101-01253-1(精装):CNY49.00
    
●
相关链接 在E读中查询图书 在五车中查询图书 在当当中查询图书 在豆瓣中查询图书


正题名:汉学研究之回顾与前瞻     索取号:C53/100:1         预约/预借

序号 登录号 条形码 馆藏地/架位号 状态 备注
1 0285643   002856430   第一借阅区/ [索取号:C53/100:1] 在馆    
2 0285644   002856449   第一样本阅览室/ [索取号:C53/100:1] 在馆    
唐山师范学院图书馆 欢迎您!
大连网信软件有限公司© 版权所有